Textbook of Pharmacology for Bsc Nursing Students/ (Record no. 1846)

MARC details
000 -LEADER
Fixed length control field 00673nam a2200229Ia 4500
003 - CONTROL NUMBER IDENTIFIER
Control field IIN
005 - DATE AND TIME OF LATEST TRANSACTION
Control field 20250526130821.0
008 - FIXED-LENGTH DATA ELEMENTS--GENERAL INFORMATION
Fixed length control field 250526s2022 xx ad 001 0 eng d
020 ## - INTERNATIONAL STANDARD BOOK NUMBER / ISBN
Price Rs.795.00
International Standard Book Number 9789390619856
040 ## - CATALOGING SOURCE
Original cataloging agency IIN
Language of cataloging English
082 ## - DEWEY DECIMAL CLASSIFICATION NUMBER
Classification number 615.1
Book Number PAT
100 1# - MAIN ENTRY--PERSONAL NAME
Personal name Pathania, Joginder Singh
245 1# - TITLE STATEMENT
Title Textbook of Pharmacology for Bsc Nursing Students/
Statement of responsibility Joginder Singh Pathania , Rupendra Kumar Bharti & Vikas Sood
250 ## - EDITION STATEMENT
Edition statement 2nd ed
260 ## - IMPRINT
Place of publication New Delhi
Name of publisher CBS
Date of publication 2024
300 ## - PHYSICAL DESCRIPTION
Page / Vol. No xxi,615p.
Other physical details col. ill.
500 ## - GENERAL NOTE
General note Includes Index
650 1# - SUBJECT ADDED ENTRY--TOPICAL TERM
Topical term Pharmacology
700 1# - ADDED ENTRY--PERSONAL NAME
Personal name Bharti, Rupendra Kumar
700 1# - ADDED ENTRY--PERSONAL NAME
Personal name Sood, Vikas
942 ## - ADDED ENTRY ELEMENTS (KOHA)
Koha item type Books
Holdings
Withdrawn status Lost status Source of classification Damaged status Not for loan Collection code Home library Current library Shelving location Date acquired Price Total Checkouts Call number Accession number Date last seen Copy number Price effective from Koha item type
    Dewey Decimal Classification     Purches Book IDEAL INSTITUTE OF NURSING IDEAL INSTITUTE OF NURSING General Stacks 11/03/2025 795.00   615.1 PAT 2076 26/05/2025 1 26/05/2025 Books
    Dewey Decimal Classification     Purches Book IDEAL INSTITUTE OF NURSING IDEAL INSTITUTE OF NURSING General Stacks 11/03/2025 795.00   615.1 PAT 2077 26/05/2025 2 26/05/2025 Books
    Dewey Decimal Classification     Purches Book IDEAL INSTITUTE OF NURSING IDEAL INSTITUTE OF NURSING General Stacks 11/03/2025 795.00   615.1 PAT 2078 26/05/2025 3 26/05/2025 Books
© Ideal Institute Of Nursing, All rights reserved.         Powered by Koha